000 01127cam a2200289 i 4500
005 20160106070115.0
008 980721s1999 xxuab rb 001 0 eng d
020 _a0691006806 (cloth : alk. paper)
040 _aDLC
_cDLC
_dCO-BoIAVH
041 0 _aeng
044 _axxu
082 0 4 _a598.874
_bJ37n
100 1 _aJaramillo, Alvaro,
_d1967-
245 1 0 _aNew world blackbirds :
_bthe icterids /
_cAlvaro Jaramillo and Peter Burke.
260 _aPrinceton, N.J. :
_bPrinceton University Press,
_c1999.
300 _a431 páginas :
_bilustraciones y mapas ;
_c25 cm.
504 _aIncluye referencias bibliográficas e índice.
650 1 4 _aAves
_xIdentificación
650 2 4 _aAves terrestres
_xIdentificación
650 2 4 _aPaseriformes
650 2 4 _aMirlos
_xIdentficación
650 2 4 _aIctéridos
_xIdentficación
700 1 _aBurke, Peter,
_d1967-
_eautor
856 4 1 _3Table of contents
_uhttp://www.loc.gov/catdir/toc/prin032/98034714.html
856 4 2 _3Publisher description
_uhttp://www.loc.gov/catdir/description/prin021/98034714.html
942 _2ddc
_cLIBRO
999 _c3007
_d3007